Grundbegriffe der Mengenlehre und Logik
Enregistré dans:
| Auteur principal: | |
|---|---|
| Format: | Livre |
| Publié: |
Leipzig
Teubner Verlagsgesellschaft
1984
|
| Édition: | 8. Aufl. |
| Collection: | Mathematik Schülerbücherei
Nr. 2 |
| Tags: |
Pas de tags, Soyez le premier à ajouter un tag!
|
MARC
| LEADER | 00000nam a2200000 4500 | ||
|---|---|---|---|
| 001 | c112653 | ||
| 005 | 20041019155153.5 | ||
| 041 | 0 | |a GER | |
| 044 | |a DE | ||
| 245 | 1 | 0 | |a Grundbegriffe der Mengenlehre und Logik |c Maria Hasse |
| 250 | |a 8. Aufl. | ||
| 264 | 1 | |a Leipzig |b Teubner Verlagsgesellschaft |c 1984 | |
| 300 | |a 84 s. | ||
| 490 | 1 | |a Mathematik Schülerbücherei |v Nr. 2 | |
| 830 | 0 | |a Mathematik Schülerbücherei |v Nr. 2 | |
| 100 | 1 | |a Hasse, Maria | |